| 000 | 00000nam##2200000za#4500 |
| 001 | 9.686037 |
| 003 | CaOODSP |
| 005 | 20210624230345 |
| 007 | cr ||||||||||| |
| 008 | 150407|2000||||xxc|||||o f|0| 0 eng|d |
| 020 | |a0-662-30168-4 |
| 040 | |aCaOODSP|beng |
| 043 | |an-cn--- |
| 086 | 1 |aE2-245/2000E-IN |
| 110 | 1 |aCanada.|bForeign Affairs and International Trade. |bCanadian Centre for Foreign Policy Development. |
| 245 | 10|aBallistic Missiles Foreign Experts Roundtable report, March 30-31, 2000 (Ottawa) / |h[electronic resource]|c[by] Peter Moore. |
| 260 | |aOttawa - Ontario : |bForeign Affairs and International Trade. |c[2000]. |
| 300 | |a10p. |
| 590 | |a10-06-Supp|b2010-07-26 |
| 690 | 07|aArms control|2gcpds |
| 690 | 07|aForeign policy|2gcpds |
| 690 | 07|aNuclear weapons|2gcpds |
| 720 | 1 |aMoore, Peter |
| 775 | 08|tRapport de la Table ronde des experts étrangers en missiles balistiques, 30-31 mars 2000 (Ottawa, Ontario) / |w(CaOODSP)9.630732 |
| 776 | 0#|tBallistic Missiles Foreign Experts Roundtable report / |w(CaOODSP)9.648104 |
| 856 | 40|ahttp://publications.gc.ca|qPDF|s399 KB|uhttps://publications.gc.ca/collections/Collection/E2-245-2000E.pdf |
| 986 | |a1008.6E |